Bases para la transformacion educativa

Uloženo v:
Podrobná bibliografie
Korporativní autor: Ministerio de Cultura y Educación (Autor)
Médium: Kniha
Jazyk:španělština
Vydáno: Buenos Aires Ministerio de Cultura y Educación 1991
Témata:
Tagy: Přidat tag
Žádné tagy, Buďte první, kdo vytvoří štítek k tomuto záznamu!

MARC

LEADER 00000nam a2200000 a 4500
001 UCS6070
003 CL-VaPUC
008 970912e19910000AG |||||||||||||||||spa|d
082 0 4 |a 371  |b MIN  |2 21 
110 2 |a Ministerio de Cultura y Educación  |e author  |9 391523 
245 1 0 |a Bases para la transformacion educativa 
300 |a 127 p 
942 |c BK 
945 |d 19970912 00:00:00  |a rleighto 
260 |a Buenos Aires  |b Ministerio de Cultura y Educación  |c 1991 
650 0 |a Sistemas educacionales  |9 324695 
650 0 |a Reforma educacional   |9 256319 
650 0 |a Política educacional  |9 308011 
583 |a last modification  |c 19970912 00:00:00  |k Rodrigo Vera 
999 |c 262071  |d 262069 
952 |0 0  |1 0  |4 0  |6 371_000000000000000_MIN_1991  |7 0  |8 A  |9 290242  |a BIBEDU  |b BIBEDU  |d 2019-11-19  |i 3347761  |o 371 MIN 1991  |p 3347761  |r 2019-11-19  |w 2019-11-19  |y BK  |k EDU